Top 20 Countries with Khan as Surname - Statistics

General Stats
  • This quiz has been taken 1,381 times
  • The average score is 12 of 20
Answer Stats
# People Country % Correct
4,569,403 India
97%
14,211,606 Pakistan
95%
81,809 United States
91%
61,532 Iran
89%
2,308,648 Bangladesh
87%
107,052 United Kingdom
87%
252,536 Afghanistan
85%
28,804 Canada
80%
422,270 Saudi Arabia
79%
174,952 United Arab Emirates
73%
88,727 Oman
72%
31,477 Qatar
69%
31,143 Kuwait
63%
39,517 South Africa
41%
28,952 Libya
29%
39,200 Sudan
28%
66,724 Cambodia
21%
22,878 Laos
21%
18,495 South Sudan
19%
45,731 Mozambique
10%
No matching quizzes found
Score Distribution
Percent of People with Each Score
Percentile by Number Answered
Your Score History
You have not taken this quiz